| 000 | 00534nam a22002057a 4500 | ||
|---|---|---|---|
| 001 | 1523 | ||
| 003 | BD-RjUL | ||
| 005 | 20211208233342.0 | ||
| 008 | 131208s1992 xxu |||| |||| 000 0 eng d | ||
| 020 | _a9845123415 | ||
| 035 | _a(BD-RjUL) | ||
| 040 |
_aBD-RjUL _beng _cBD-RjUL |
||
| 041 | _aeng | ||
| 082 | 0 | 4 |
_219 _a080 _bLEC |
| 245 |
_aLecture Serise 1991 / _cEd.by Azizul Haque |
||
| 260 |
_aDhaka ; _bThe Asiatic Society of Bangladesh, _c1991 |
||
| 300 |
_a129p. ; _c21cm. |
||
| 650 | 7 |
_2SLSH _aLecture Serise _95031 |
|
| 942 |
_2ddc _cBK |
||
| 999 |
_c1523 _d1523 |
||